| 000 | 00442nam a2200181Ia 4500 | ||
|---|---|---|---|
| 003 | OSt | ||
| 005 | 20230517120205.0 | ||
| 008 | 230312s9999||||xx |||||||||||||| ||und|| | ||
| 020 | _a1-118-82087-2 | ||
| 040 | _cSuperior University Lahore | ||
| 082 |
_a005.446 _bLEO-W |
||
| 100 | _aGorman;John | ||
| 245 | 0 | _aOperating System with linux | |
| 260 |
_bWiley _aUSA _c2014 |
||
| 300 | _a1031 | ||
| 650 |
_aComputer _vComputer |
||
| 942 |
_cBK _2ddc |
||
| 999 |
_c15115 _d15115 |
||